Pharmaceutical Inorganic Chemistry (Record no. 8682)
[ view plain ]
| 000 -LEADER | |
|---|---|
| fixed length control field | 00403nam a22001577a 4500 |
| 003 - CONTROL NUMBER IDENTIFIER | |
| control field | OSt |
| 008 - FIXED-LENGTH DATA ELEMENTS--GENERAL INFORMATION | |
| fixed length control field | 200702b ||||| |||| 00| 0 eng d |
| 020 ## - INTERNATIONAL STANDARD BOOK NUMBER | |
| International Standard Book Number | 9789386353986 |
| 100 ## - MAIN ENTRY--PERSONAL NAME | |
| Personal name | K. G. Bothara |
| 245 ## - TITLE STATEMENT | |
| Title | Pharmaceutical Inorganic Chemistry |
| 250 ## - EDITION STATEMENT | |
| Edition statement | 4th |
| 260 ## - PUBLICATION, DISTRIBUTION, ETC. (IMPRINT) | |
| Place of publication, distribution, etc | New Delhi |
| Name of publisher, distributor, etc | Nirali Prakashan |
| Date of publication, distribution, etc | 2019 |
| 300 ## - PHYSICAL DESCRIPTION | |
| Extent | MISC |
| 650 ## - SUBJECT ADDED ENTRY--TOPICAL TERM | |
| Topical term or geographic name as entry element | Pharmaceutical Inorganic Chemisty |
| 942 ## - ADDED ENTRY ELEMENTS (KOHA) | |
| Source of classification or shelving scheme | Dewey Decimal Classification |
| Koha item type | Text Books |
| 942 ## - ADDED ENTRY ELEMENTS (KOHA) | |
| -- | 28 |
| Withdrawn status | Lost status | Source of classification or shelving scheme | Damaged status | Not for loan | Collection code | Home library | Current library | Date acquired | Source of acquisition | Currency | Cost, normal purchase price | Bill Number | Total Checkouts | Total Renewals | Full call number | Acc. no. / Barcode | Date last seen | Date last borrowed | Actual Cost, discounted price | Bill Date | Koha item type | Shelving location |
|---|---|---|---|---|---|---|---|---|---|---|---|---|---|---|---|---|---|---|---|---|---|---|
| Dewey Decimal Classification | B.Pharma | PIET C-LIBRARY | PIET C-LIBRARY | 11/01/2020 | Kirti Praskshan | IN Rupees | 125.00 | IN6014 | 18 | 1 | 547 BOT | BP605 | 10/12/2025 | 21/11/2025 | 92.50 | 11/01/2020 | Text Books | |||||
| Dewey Decimal Classification | B.Pharma | PIET C-LIBRARY | PIET C-LIBRARY | 11/01/2020 | Kirti Praskshan | IN Rupees | 125.00 | IN6014 | 18 | 547 BOT | BP606 | 23/09/2025 | 15/09/2025 | 92.50 | 11/01/2020 | Text Books | ||||||
| Dewey Decimal Classification | B.Pharma | PIET C-LIBRARY | PIET C-LIBRARY | 11/01/2020 | Kirti Praskshan | IN Rupees | 125.00 | IN6014 | 547 BOT | BP607 | 02/07/2020 | 92.50 | 11/01/2020 | Reference Books | Ref. Sec. R05 |